LEADER 00732nam a2200193 i 4500 001 000000068663 003 CaOOAMICUS 005 20000405000000.0 008 000405s1999 vc u000 u mul u 013 $a39835 040 $aSeMil$bita 245 10$aPeriodus quarta, 1965. 300 $a877 p. 773 0 $tActa Synodalia Sacrosancti Concilii Oecumenici Vaticani 2..$d[In Urbe Vaticani] : Typis Polyglottis Vaticanis, 1970-1999.$gVolumen6$w()514 773 0 $tActa Secretariae Generalis.$gPars4$w()6745 850 $aSeMil 852 $aSeMil$W1$xVenegono$y1$mSL1.Z VII 11$j34816$B34816$CSeMilBibl$Z2$F34819 $8I 961 $aSottoscrizione: Rimoldi mons. Antonio 996 $6245$aPeriodus quarta, 1965$9(OLS)http://semarc/title/109728 LEADER 00523nam a2200157 i 4500 001 000000011068 003 CaOOAMICUS 005 20180830125440.0 008 180830s1912 fr u000 u und u 040 $aSeMil$bita 245 10$aTome quatrième. 300 $a2 v. 773 0 $aVigouroux, Fulcran $tDictionnaire de la Bible.$dParis : Letouzey et Ané, 1912-1926.$w()11062 774 0 $tL-Mezuza.$gPartie$w()123311 774 0 $tMiamin-Pavot.$gPartie$w()123312 996 $6245$aTome quatrième$9(OLS)http://semarc/title/14442